[Event "ECF Schools-ch"]
[Site "Nottingham"]
[Date "2024.06.27"]
[Round "3.3"]
[White "Dong, Vincent"]
[Black "Stephens, Scott"]
[Result "0-1"]
[WhiteElo "1621"]
[BlackElo "1613"]
[PlyCount "148"]
[EventDate "2024.06.27"]
[EventType "team-swiss"]
[EventRounds "5"]
[EventCountry "ENG"]
[SourceTitle "EXT 2025"]
[Source "ChessBase"]
[SourceDate "2024.10.14"]
[SourceVersion "1"]
[SourceVersionDate "2024.10.14"]
[SourceQuality "1"]
[WhiteTeam "Exeter School"]
[BlackTeam "Hereford Cathedral School"]
[WhiteTeamCountry "ENG"]
[BlackTeamCountry "ENG"]

1. e4 c5 2. Nf3 d6 3. Bb5+ Bd7 4. Bxd7+ Qxd7 5. 0-0 Nc6 6. Re1 g6 7. c3 Bg7 8. d3 Nf6 9. h3 0-0 10. Bf4 b5 11. d4 cxd4 12. cxd4 e6 13. Qd3 a6 14. Bh2 Rfc8 15. a3 d5 16. e5 Ne8 17. Nbd2 Na7 18. Nb3 Bf8 19. Rac1 Rxc1 20. Rxc1 Rc8 21. Qe3 b4 22. axb4 Bxb4 23. Nc5 Bxc5 24. dxc5 Kg7 25. Qa3 Qb7 26. Nd4 Nb5 27. Qb4 Rb8 28. Nxb5 Qxb5 29. Qxb5 Rxb5 30. Rc2 Nc7 31. Bf4 Rb4 32. Bg5 Rb8 33. Be7 Nb5 34. Bd6 Rc8 35. c6 f6 36. c7 fxe5 37. Bxe5+ Kf7 38. Rc6 Ke7 39. Rxa6 Nxc7 40. Ra7 Kd7 41. Ra4 Nb5 42. Bf6 Ke8 43. Rh4 Kf7 44. Be5 Kg8 45. Kh2 Rc2 46. Rb4 Na7 47. Bd4 Nc6 48. Ra4 Nxd4 49. Rxd4 Rxb2 50. Kg3 Kf7 51. Ra4 Rb7 52. Rf4+ Ke7 53. Kg4 Kd6 54. Kg5 Ke5 55. Rf3 d4 56. h4 Kd5 57. Kf6 e5 58. Ra3 Rc7 59. Ra5+ Rc5 60. Rxc5+ Kxc5 61. Kxe5 d3 62. Ke4 d2 63. Ke3 d1Q 64. f3 Qd4+ 65. Ke2 Qxh4 66. Kf1 Qd4 67. Ke2 Kd5 68. Kf1 Ke5 69. Ke2 Kf4 70. Kf1 Qa1+ 71. Ke2 Qa2+ 72. Kf1 Kg3 73. Ke1 Qc2 74. Kf1 Qf2# 0-1